A study on the flakeboard made from rubber wood (Record no. 47810)

MARC details
000 -LEADER
fixed length control field 00351nam a2200145Ia 4500
100 ## - MAIN ENTRY--AUTHOR NAME
Personal name Yu D X
245 #2 - TITLE STATEMENT
Title A study on the flakeboard made from rubber wood
260 ## - PUBLICATION, DISTRIBUTION, ETC. (IMPRINT)
Name of publisher Wood Industry
Year of publication 1991
300 ## - PHYSICAL DESCRIPTION
Number of Pages Dec-16
500 ## - GENERAL NOTE
General note CAB CD 1995
700 ## - ADDED ENTRY--PERSONAL NAME
Personal name Song Y R
700 ## - ADDED ENTRY--PERSONAL NAME
Personal name Zhao Y F
942 ## - ADDED ENTRY ELEMENTS (KOHA)
Koha item type Bibliography RLWO
Holdings
Withdrawn status Lost status Damaged status Not for loan Home library Current library Date acquired Serial Enumeration / chronology Koha item type
      Bibliography RRII Library RRII Library 31/12/2021 Volume 5, Issue 4 Bibliography RLWO